01476 a2200205 4500003000500000005001700005010001600022020001500038040000900053082001500062100002100077245010200098260003700200300002100237505093400258650001401192650001601206650002201222650002601244Nust20230307094745.0 a 76009336 a0224011618 cNust00a355.02,DIX1 aDixon, Norman F.10aOn the psychology of military incompetence /cNorman Dixon ; with a foreword by Shelford Bidwell. aNew York :bBasic Books,cc1976. a447 p. ;c22 cm. aIntroduction (Page-17), Generalship (Page-27), The Crimean War (Page-36), The Boer War (Page-52), Indian Interlude (Page-68), The First World War (Page-80), Cambria (page-86) The Siege of Kut (Page-95), Between the Wars (Page-110), The Second World War (Page-123), Singapore (Page-130), Arnhem (Page-145), Is there a Case to Answer (Page-151), The Intellectual Ability of senior Military Commanders (Page-157), Military Organizations (Page-169), bullshit (Page-176), Socializations and the Anal Character (Page-186), Character and Honour (Page-196), Anti-Effeminacy (Page-208), Leaders of Men (Page-214), Militry achievement (Page-238), Authoritarianism (Page-256), Mother of Incompetence (Page-280), Education and the Cult of Muscular Christianity (Page-288),Individual Differences (Page-305), Extremes of Authoritarianism (Page-309), The Worst and the Best (Page-318), Exceptions to the Rule ? (Page-354), Retreat (Page-393). 0aGenerals. 0aMilitarism. 0aMilitary history. 0aPsychology, Military.